North American Pro Sports Logos to City - Statistics

General Stats
  • This quiz has been taken 26 times
  • The average score is 92 of 124
Answer Stats
Picture Answer % Correct
Atlanta
95%
Boston
95%
Chicago
95%
Miami Gardens
95%
New York City
95%
Toronto
95%
Arlington
90%
Chicago
90%
Denver
90%
East Rutherford
90%
Edmonton
90%
Houston
90%
Landover
90%
San Antonio
90%
Atlanta
86%
Detroit
86%
Glendale
86%
Inglewood
86%
Miami
86%
New Orleans
86%
New York City
86%
Paradise
86%
Philadelphia
86%
Sacramento
86%
San Diego
86%
San Francisco
86%
Tampa
86%
Calgary
81%
Chicago
81%
Chicago
81%
Chicago
81%
Cleveland
81%
Denver
81%
Detroit
81%
Indianapolis
81%
Inglewood
81%
Kansas City
81%
Minneapolis
81%
Minneapolis
81%
Orchard Park
81%
Paradise
81%
Portland
81%
Salt Lake City
81%
San Francisco
81%
Toronto
81%
Anaheim
76%
Arlington
76%
Baltimore
76%
Boston
76%
Boston
76%
Columbus
76%
Cumberland
76%
Denver
76%
Detroit
76%
East Rutherford
76%
Houston
76%
Kansas City
76%
Los Angeles
76%
Milwaukee
76%
Montreal
76%
Nashville
76%
Orlando
76%
Philadelphia
76%
Raleigh
76%
Seattle
76%
St. Louis
76%
Washington D.C.
76%
Winnipeg
76%
Brooklyn
71%
Cincinnati
71%
Cincinnati
71%
Dallas
71%
Detroit
71%
Green Bay
71%
Houston
71%
Los Angeles
71%
Memphis
71%
Nashville
71%
Santa Clara
71%
Seattle
71%
St. Louis
71%
St. Paul
71%
Sunshine
71%
Toronto
71%
Baltimore
67%
Dallas
67%
Foxborough
67%
Inglewood
67%
Jacksonville
67%
Miami
67%
Oklahoma City
67%
Ottawa
67%
Philadelphia
67%
Pittsburgh
67%
Pittsburgh
67%
Pittsburgh
67%
Seattle
67%
Tampa
67%
Vancouver
67%
Anaheim
62%
Buffalo
62%
Charlotte
62%
Cleveland
62%
Cleveland
62%
Indianapolis
62%
Los Angeles
62%
Milwaukee
62%
New Orleans
62%
New York City
62%
Philadelphia
62%
Phoenix
62%
Phoenix
62%
San Jose
62%
Denver
57%
Minneapolis
57%
New York City
57%
Salt Lake City
57%
Washington D.C.
57%
Washington D.C.
57%
Charlotte
52%
Newark
52%
St. Petersburg
48%
West Sacramento
43%
Elmont
14%
No matching quizzes found
Score Distribution
Percent of People with Each Score
Percentile by Number Answered
Your Score History
You have not taken this quiz